Percy Jackson Characters - Sudden Death - Statistics

General Stats
  • This quiz has been taken 472 times
    94 since last reset
  • The average score is 19 of 25
Answers on the Grid
Answers color-coded by a green-red scale on the quiz's grid according to % correct below.
Alex
Anna
Annabeth
Beckendorf
Bianca
Bob
Camden
Cassandra
Charlotte
Clarisse
Craig
Dakota
Damian
David
Dorian
Ellara
Ethan
Frank
Gabe
Galen
Gleeson
Griffin
Grover
Hazel
Hylla
Jason
Kaia
Leo
Luke
Marcia
Maya
Milo
Nico
Noah
Nyra
Octavian
Piper
Rachel
Reyna
Silena
Thalia
Tyson
Vesper
Violet
Zoë
 
Answer Stats
Answer % Correct
Annabeth
96%
Bianca
94%
Beckendorf
90%
Clarisse
90%
Luke
79%
Thalia
78%
Gabe
76%
Grover
76%
Hazel
76%
Jason
76%
Nico
76%
Tyson
76%
Zoë
76%
Leo
75%
Bob
74%
Silena
74%
Frank
72%
Piper
72%
Ethan
71%
Rachel
71%
Octavian
66%
Reyna
66%
Dakota
54%
Gleeson
49%
Hylla
49%
No matching quizzes found
Score Distribution
Percent of People with Each Score
Percentile by Number Answered
Your Score History
You have not taken this quiz since the last reset